00296 a2200097 4500001001000000005001700010008004100027245006300068100002600131773004100157ART_5049820260410161632.0260409a 10aEl nuevo impuesto para una Argentina inclusiva y solidaria1 aCoronello, Silvina E.0 tEnfoquesg- N°1 (ene. 2020)wREV416